000 00249nam a2200109Ia 4500
008 140130s9999 xx 000 0 und d
245 _cPackard, Marry
_aAmazing Escape
260 _bScholastic,
_c2002
440 _v1
942 _cBK
999 _c41830
_d41830